000 00919cad a22002175a 4500
001 E146466
008 090123e20090122xxk s000 0 eng d
035 _a(Sirsi) u146466
041 0 _aeng
110 2 _aScotland
_bScottish Government
_95344
245 0 0 _aScotland rules the waves
_h[electronic resource]
260 _c2009
490 _aScottish Government News Release
_v22 January 2009
520 _aScottish ministers have granted consent to npower renewables for the construction of a 4MW capacity wave farm at Siadar off the Isle of Lewis.
590 _aKA
651 4 _aScotland
_y1999-
690 _aPROPERTY-RURAL AND NATURAL ASSETS-MARINE RESOURCES-MARINE RESOURCE MANAGEMENT
690 _aENVIRONMENTAL AND LAND CONSULTANCY-ENERGY-RENEWABLE ENERGY
856 4 0 _uhttps://www.scotland.gov.uk/News/Releases/2009/01/22121716
_zView the news release free of charge at www.scotland.gov.uk...
942 _n0
999 _c81158
_d81158